000 02226cam a2200517 i 4500
001 57647
003 Mx-PuUPA
005 20250326125403.0
008 140415s2024 mx ao gr 001 0 spa d
020 _a9786079951931
_qFundación BBVA
020 _a9786078895809
_qEditorial Sexto Piso
040 _aMx-PuUPA
_bspa
_cMx-PuUPA
_dMx-PuUPA
_erda
041 0 _aspa
043 _an-mx----
110 2 _aBBVA (Firm).,
_bFundación
_916821
245 1 0 _aSonidos de México /
_cFundación BBVA ; Lila Downs, Miguel León Portilla, Aurelio Tello, Consuelo Carredano, Carlos Monsivaís, Mercedes Zavala Gómez del Campo, Rosa Virginia Sánchez, Arturo Ordaz, Carlos Prieto Jacqué, Ana Ruiz, Javier Ramírez "Cha!" y E. Fernando Nava L., [colaboradores]
250 _aPrimera edición
264 1 _aCiudad de México :
_bFundación BBVA,
_bEditorial Sexto Piso,
_c2024
300 _a467 páginas :
_bilustraciones, fotografías (principalmente a color) ;
_c33 cm
336 _2rdacontent
_atexto
_btxt
336 _2rdacontent
_aimagen fija
_bsti
337 _2rdamedia
_asin medio
_bn
338 _2rdacarrier
_avolumen
_bnc
650 7 _2armarc
_aMúsica
_xHistoria
_zMéxico
650 7 _2armarc
_aMúsica
_xHistoria y crítica
_zMéxico
650 7 _2armarc
_aMúsica
_xPartituras
_xHistoria
_zMéxico
650 7 _2armarc
_aMúsica
_xFotografías
_xHistoria
_zMéxico
650 7 _2armarc
_aMúsica bailable
_zMéxico
_xHistoria
700 1 _aDows, Lila,
_ecolaborador
700 1 _aLeón-Portilla, Miguel,
_ecolaborador
700 1 _aTello, Aurelio,
_ecolaborador
700 1 _aCarredano, Consuelo,
_ecolaborador
700 1 _aMonsivaís, Carlos,
_ecolaborador
700 1 _aZavala Gómez del Campo, Mercedes,
_ecolaborador
700 1 _aSánchez, Rosa Virginia,
_ecolaborador
700 1 _aOrdaz, Arturo,
_ecolaborador
700 1 _aPrieto Jacqué, Carlos,
_ecolaborador
700 1 _aRuiz, Ana,
_ecolaborador
700 1 _aRamírez, Javier
_ecolaborador
_d"Cha!"
700 1 _aNava L., E. Fernando,
_dcolaborador
942 _2ddc
_cLI
_h781.6200972
_iS68
999 _c57647
_d57647